000 00864cam a22002411 4500
001 he 66001674
003 DLC
005 20260227111441.0
008 910730s1965 xx 000 0 heb
010 _ahe 66001674
035 _a(OCoLC)27793910
040 _aDLC
_cNAlU
_dDLC
042 _apremarc
050 0 0 _aZ8007.3
_b.J38
110 2 _aUniversiṭah ha-ʻIvrit bi-Yerushalayim.
_bMendele Project.
245 0 0 _aMendeli Mokher Sefarim.
260 _aYerushalayim,
_bHotsaʼat sefarim ʻa.sh. Y.L. Magnes, ha-Universiṭah ha-ʻivrit,
_c[1965] 725.
300 _a60 p.
_c28 cm.
500 _aAdded t. p.: Mendele Mokher Sepharim; bibliography of his works and letters for the academic edition; added t. p. also in Yiddish.
500 _aIn Hebrew.
600 0 0 _aMendele Mokher Sefarim,
_d1835-1917.
_vBibliography.
700 1 _aKlausner, Yehudah Aryeh.
999 _c31965
_d31965